000 00695nam a2200229 cc4500
001 000030440
003 RuMoIPM
005 20260429115453.0
008 230210s1967 ru ||||||| |||| ||rus d
035 _a(RuMoBEN) 002082265
035 _a(ELAR retro) [2022] 000025276
040 _aRuMoBEN
_brus
_ercr
041 0 _arus
044 _aru
080 _a51-7
245 1 0 _aВып. 3
260 _c1967
300 _a432 с., [2] л. номогр.
_bил.
504 _aБиблиогр. в конце ст.
773 _tНекоторые вопросы прикладной математики: [Сб. ст.]
_dКиев: Наукова думка, 1963-1971
_w000030439
942 _cBK
999 _c30440
_d30440